Something wild : (Record no. 5181)
[ view plain ]
| 000 -CABECERA | |
|---|---|
| campo de control de longitud fija | 01305nam a22002297a 4500 |
| 008 - DATOS DE LONGITUD FIJA--INFORMACIÓN GENERAL | |
| campo de control de longitud fija | 251114b |||||||| |||| 00| 0 eng d |
| 020 ## - NÚMERO INTERNACIONAL ESTÁNDAR DEL LIBRO | |
| Número Internacional Estándar del Libro | 9781984882080 |
| 040 ## - FUENTE DE LA CATALOGACIÓN | |
| Centro/agencia transcriptor | TBS |
| 041 ## - CÓDIGO DE LENGUA | |
| Código de lengua del texto/banda sonora o título independiente | eng |
| 050 ## - SIGNATURA TOPOGRÁFICA DE LA BIBLIOTECA DEL CONGRESO | |
| Número de clasificación | PS3608 |
| Número de documento/Ítem | .A54865S66 2021 |
| 100 ## - ENTRADA PRINCIPAL--NOMBRE DE PERSONA | |
| Nombre de persona | Halperin, Hanna |
| 9 (RLIN) | 26506 |
| Término indicativo de función/relación | author |
| 245 ## - MENCIÓN DE TÍTULO | |
| Título | Something wild : |
| Mención de responsabilidad, etc. | / Hanna Halperin. |
| 260 ## - PUBLICACIÓN, DISTRIBUCIÓN, ETC. | |
| Lugar de publicación, distribución, etc. | New York, NY : |
| Nombre del editor, distribuidor, etc. | Penguin Books, |
| Fecha de publicación, distribución, etc. | 2022. |
| 300 ## - DESCRIPCIÓN FÍSICA | |
| Extensión | 324 pages ; |
| Dimensiones | 22 cm. |
| 520 ## - SUMARIO, ETC. | |
| Sumario, etc. | Tanya and Nessa Bloom pause their respective adult lives and travel to the Boston suburbs to help their mother pack up and move out of their childhood home. They don't expect to learn that their mother, Lorraine, is in a violent relationship. As Tanya urges Lorraine to get a restraining order, Nessa struggles to reconcile her fondness for their stepfather with his capacity for brutality. Their differing responses to the abuse bring up the sisters' shared secret: a traumatic, unspoken experience from their adolescence has shaped their lives, their sense of selves, and their relationship with each other and the men in their life. |
| 650 #0 - PUNTO DE ACCESO ADICIONAL DE MATERIA--TÉRMINO DE MATERIA | |
| Término de materia o nombre geográfico como elemento de entrada | Sisters |
| Subdivisión de forma | Fiction |
| 9 (RLIN) | 22940 |
| 650 #0 - PUNTO DE ACCESO ADICIONAL DE MATERIA--TÉRMINO DE MATERIA | |
| Término de materia o nombre geográfico como elemento de entrada | Mothers and daughters |
| Subdivisión general | Fiction |
| 9 (RLIN) | 24029 |
| 650 #0 - PUNTO DE ACCESO ADICIONAL DE MATERIA--TÉRMINO DE MATERIA | |
| Término de materia o nombre geográfico como elemento de entrada | Abused women |
| Subdivisión de forma | Fiction |
| 9 (RLIN) | 26507 |
| 650 #0 - PUNTO DE ACCESO ADICIONAL DE MATERIA--TÉRMINO DE MATERIA | |
| Término de materia o nombre geográfico como elemento de entrada | Stepfathers |
| Subdivisión de forma | Fiction |
| 9 (RLIN) | 26508 |
| 651 #0 - PUNTO DE ACCESO ADICIONAL DE MATERIA--NOMBRE GEOGRÁFICO | |
| Nombre geográfico | Boston (MA) |
| Subdivisión de forma | Fiction |
| 9 (RLIN) | 26509 |
| 942 ## - ELEMENTOS DE ENTRADA AGREGADA (KOHA) | |
| Fuente del sistema de clasificación o colocación | Clasificación de Library of Congress |
| Estado de retiro | Estado de pérdida | Fuente del sistema de clasificación o colocación | Estado dañado | No para préstamo | Biblioteca de origen | Biblioteca actual | Fecha de adquisición | Total de préstamos | Signatura topográfica completa | Código de barras | Fecha visto por última vez | Número de copia | Precio válido a partir de | Tipo de ítem Koha |
|---|---|---|---|---|---|---|---|---|---|---|---|---|---|---|
| Clasificación de Library of Congress | TBS Barcelona | TBS Barcelona | 14/11/2025 | P-EN HAL | B05643 | 14/11/2025 | 1 | 14/11/2025 | Book |

